Músicas do Green Day por letra de abertura - Statistics

Estatísticas Gerais
  • Esse quiz foi jogado 48 vezes
  • A pontuação média é 9 de 30
Estatísticas das Respostas
Letra Música % Correto
"Don't wanna be an American Idiot" American Idiot
100%
"Summer has come and passed" Wake Me Up When September Ends
83%
"Do you have the time / To listen to me whine" Basket Case
80%
"I walk a lonely road / The only one that I have ever known" Boulevard Of Broken Dreams
78%
"She / She screams in silence" She
59%
"Do you know what's worth fighting for" 21 Guns
56%
"Hear the sound of the falling rain" Holiday
49%
"I wanna be the minority" Minority
46%
"St. Jimmy's comin' down across the alleyway" St. Jimmy
44%
"I'm the son of rage and love" Jesus of Suburbia
37%
"Do you know the enemy?" Know Your Enemy
37%
"Oh love, oh love / Won't you rain on me tonight?" Oh Love
27%
"Another turning point / A fork stuck in the road" Good Riddance (Time Of Your Life)
17%
"I text a postcard, sent to you / Did it go through?" Last Night On Earth
17%
"I sit around and watch the tube, but nothing's on" Longview
17%
"Dear mother, can you hear me whining?" Welcome To Paradise
17%
"Born into Nixon I was raised in hell" 21st Century Breakdown
12%
"I'm having trouble trying to sleep" Brain Stew
12%
"She is my drama queen" Drama Queen
12%
"Hey mister, where you headed? / Are you in a hurry?" Hitchin' a Ride
12%
"This is a public service announcement this is only a test" Warning
12%
"Take away the sensation inside" Give Me Novacaine
10%
"I declare I don't care no more" Burnout
7%
"Scream with your hands up in the sky" Revolution Radio
7%
"I'm running late to somewhere now" Somewhere Now
7%
"Where can I find the city of shining lights" Ordinary World
5%
"I woke up to a message of love" Father of All...
2%
"Well, I've got a fever / A non-believer / I'm in a state of grace" Peacemaker
2%
"There's a trouble in the air" 99 Revolutions
0%
"Words get trapped in my mind" When It's Time
0%
Nenhum quiz correspondente encontrado
Distribuição das Pontuações
Porcentagem de Pessoas com Cada Pontuação
Percentil de Números Respondidos
Sua Pontuação Histórica
Você não jogou esse quiz